000 01156nam a2200217Ia 4500
999 _c36233
_d36233
001 2136
003 GE_BSU
005 20190524144544.0
008 181216s1953||||ge |||||||||||||| ||geo||
040 _cGE_BSU
041 _ageo
080 _a94(479.22)''18'' დ–95
100 _aდუმბაძე, მ.
_91562
245 _cმ.დუმბაძე; საქ. სსრ მეცნ. აკად., ივ. ჯავახიშვილის სახ. ისტორიის ინ-ტი.
_aაღმოსავლეთ კახეთის (საინგილოს) ისტორიიდან :
_bXIX ს. რეფორმამდელი პერიოდი /
264 _aთბილისი :
_bსაქ. სსრ მეცნ. აკად. გამ-ბა,
_c1953
300 _a279 გვ. ;
_b22 სმ.
653 _a საინგილოს ისტორია, XIX ს.
700 _aბერძენიშვილი, ნ.
_eრედაქტორი
_91469
710 _aივ. ჯავახიშვილის სახ. ისტორიის ინ-ტი.
_91563
942 _cBK
_2udc